Riconosci l'Anno dagli eventi - Quiz n°261 - Statistics

Statistiche generali
  • Questo quiz è stato fatto 6 volte
  • Il punteggio medio è 6 su 8
Statistiche sulle risposte
Indizio Risposta % Corretto
B Anselmo di Laon diviene arcidiacono di Laon.
100%
A Viene fondata l'Abbazia di Chiaravalle da san Bernardo di Chiaravalle.
100%
F 11 febbraio: L'imperatore Enrico V di Franconia viene sconfitto dai principi sassoni guidati da Lotario II a Welfesholz.
83%
G Nasce la Repubblica fiorentina, che diventerà poi una delle più grandi potenze dell'epoca
83%
C Pietro Abelardo diventa canonico della Cattedrale di Notre-Dame a Parigi.
83%
E Stefano d'Inghilterra diventa conte di Mortain.
83%
D Viene edificato da Baldovino I di Gerusalemme il castello crociato di Montreal.
83%
Anno 1115
17%
Nessun quiz corrispondente trovato
Distribuzione punteggi
Percentuale di utenti per punteggio
Percentile per numero di risposta
I tuoi punteggi nel tempo
Non hai fatto questo quiz